000 00621cab a2200241 4500
001 X1351
008 090401t1994 xxu||||| |||| 00| 0 eng d
035 _a(Sirsi) u16392
041 _aeng
100 _aSammons, T.
245 _aApproved inspectors - an update
260 _c1994
350 _a0
490 _aCSM (Chartered Surveyor Monthly)
_v3(6) March 1994, 41(1)
650 _aAPPROVED INSPECTORS
650 _aBUILDING ACT 1984
650 _aBUILDING CONTROL
_96222
650 _aCONSULATION PAPER
650 _aLOCAL AUTHORITIES
690 _aBUILT ENVIRONMENT
942 _n0
948 _c04/03/1997
999 _c10786
_d10786